<?xml version="1.0" encoding="UTF-8"?><?xml-stylesheet type="text/xsl" href="static/style.xsl"?><OAI-PMH xmlns="http://www.openarchives.org/OAI/2.0/" xmlns:xsi="http://www.w3.org/2001/XMLSchema-instance" xsi:schemaLocation="http://www.openarchives.org/OAI/2.0/ http://www.openarchives.org/OAI/2.0/OAI-PMH.xsd"><responseDate>2026-04-13T04:07:33Z</responseDate><request verb="GetRecord" identifier="oai:www.recercat.cat:2117/330125" metadataPrefix="marc">https://recercat.cat/oai/request</request><GetRecord><record><header><identifier>oai:recercat.cat:2117/330125</identifier><datestamp>2025-07-23T01:15:58Z</datestamp><setSpec>com_2072_1033</setSpec><setSpec>col_2072_452951</setSpec></header><metadata><record xmlns="http://www.loc.gov/MARC21/slim" xmlns:dcterms="http://purl.org/dc/terms/" xmlns:xsi="http://www.w3.org/2001/XMLSchema-instance" xmlns:doc="http://www.lyncode.com/xoai" xsi:schemaLocation="http://www.loc.gov/MARC21/slim http://www.loc.gov/standards/marcxml/schema/MARC21slim.xsd">
   <leader>00925njm 22002777a 4500</leader>
   <datafield ind2=" " ind1=" " tag="042">
      <subfield code="a">dc</subfield>
   </datafield>
   <datafield ind2=" " ind1=" " tag="720">
      <subfield code="a">Quintero Vásquez, Camilo</subfield>
      <subfield code="e">author</subfield>
   </datafield>
   <datafield ind2=" " ind1=" " tag="260">
      <subfield code="c">2018-09-29</subfield>
   </datafield>
   <datafield ind2=" " ind1=" " tag="520">
      <subfield code="a">Màster universitari en Estudis Avançats en Arquitectura: Gestió i Valoració Urbana i Arquitectònica</subfield>
   </datafield>
   <datafield ind2=" " ind1=" " tag="520">
      <subfield code="a">El desarrollo urbano es uno de los pilares dentro del sistema económico saludable de una nación, es un motor de producción de empleo, propicia ambientes de inversiones de gran impacto y a la vez representa grandes retos medioambientales, así como de organización social y sostenibilidad urbana. El 54% de la población mundial vive en zonas urbanas, número que tiende a subir y proyecta un crecimiento de 1,5 veces para el 2045. Siendo el desarrollo urbano el generador del 80% PIB mundial1, la rapidez en el crecimiento y el aumento en la demanda de zonas urbanas de calidad generan retos para atraer a los 1,000 millones de personas considerados en el nivel económico de pobreza, a zonas urbanas sostenibles y generadoras de oportunidades.&#xd;
Este rápido crecimiento ha creado una dinámica acelerada de construcción de proyectos inmobiliarios, infraestructura y desarrollo urbano que, en ciclos de bienestar económico, fomentó el boom inmobiliario en la década pasada. En contraparte, durante ciclos de crisis el desarrollo urbano sufre la desaceleración esperada la cual perjudica el crecimiento económico y propicia la ceración de métodos alternativos de promoción y financiación de la vivienda, como lo puede ser el Crowdfunding o financiamiento en masa inmobiliario. La micro financiación ha sido protagonista en los últimos años en diferentes industrias; su aparición en el mercado inmobiliario ha abierto el campo de financiación en diferentes escalas, aportando soluciones durante los tiempos de crisis y a su vez, generando grandes retos en la legislación intrínseca de cada país para crear un marco legal en donde este tipo de práctica quepa durante el ejercicio del desarrollo urbano. Cada vez más actores adoptan modalidades alternativas de financiación para los proyectos, sin embargo, esta práctica se asocia con el sector privado, generando una interrogante ¿Es posible abordar el mico financiamiento en masa con fines de lucro, por medio del equity crowdfunding, para proyectos de iniciativa pública?&#xd;
El objetivo de este trabajo busca entender dentro de un marco de tres categorías, el contexto actual del crowdfunding en España y Colombia. Se busca determinar los factores económicos, legales y socio culturales que abarcan esta práctica y dar respuesta a las incertidumbres que existen acerca de la micro financiación dentro del ámbito de proyectos de iniciativa pública.</subfield>
   </datafield>
   <datafield tag="653" ind2=" " ind1=" ">
      <subfield code="a">Àrees temàtiques de la UPC::Urbanisme::Teoria de l'urbanisme::Dret urbanístic</subfield>
   </datafield>
   <datafield tag="653" ind2=" " ind1=" ">
      <subfield code="a">Crowd funding -- Spain</subfield>
   </datafield>
   <datafield tag="653" ind2=" " ind1=" ">
      <subfield code="a">Crowd funding -- Colombia</subfield>
   </datafield>
   <datafield tag="653" ind2=" " ind1=" ">
      <subfield code="a">Cities and towns -- Growth -- Spain</subfield>
   </datafield>
   <datafield tag="653" ind2=" " ind1=" ">
      <subfield code="a">Cities and towns -- Growth -- Colombia</subfield>
   </datafield>
   <datafield tag="653" ind2=" " ind1=" ">
      <subfield code="a">City planning -- Economic aspects -- Spain</subfield>
   </datafield>
   <datafield tag="653" ind2=" " ind1=" ">
      <subfield code="a">City planning -- Economic aspects -- Colombia</subfield>
   </datafield>
   <datafield tag="653" ind2=" " ind1=" ">
      <subfield code="a">Micromecenatge -- Espanya</subfield>
   </datafield>
   <datafield tag="653" ind2=" " ind1=" ">
      <subfield code="a">Micromecenatge -- Colòmbia</subfield>
   </datafield>
   <datafield tag="653" ind2=" " ind1=" ">
      <subfield code="a">Desenvolupament urbà -- Espanya</subfield>
   </datafield>
   <datafield tag="653" ind2=" " ind1=" ">
      <subfield code="a">Desenvolupament urbà -- Colòmbia</subfield>
   </datafield>
   <datafield tag="653" ind2=" " ind1=" ">
      <subfield code="a">Urbanisme -- Aspectes econòmics -- Espanya</subfield>
   </datafield>
   <datafield tag="653" ind2=" " ind1=" ">
      <subfield code="a">Urbanisme -- Aspectes econòmics -- Colòmbia</subfield>
   </datafield>
   <datafield ind2="0" ind1="0" tag="245">
      <subfield code="a">Crowdfunding como estrategia de financiación de proyectos inmobiliarios públicos en el contexto español y colombiano</subfield>
   </datafield>
</record></metadata></record></GetRecord></OAI-PMH>